Mental illness / (Record no. 641)

MARC details
000 -LEADER
fixed length control field 01043cam a2200289 a 4500
005 - DATE AND TIME OF LATEST TRANSACTION
control field 20260322212028.0
008 - FIXED-LENGTH DATA ELEMENTS--GENERAL INFORMATION
fixed length control field data
010 ## - LIBRARY OF CONGRESS CONTROL NUMBER
LC control number 2008046781
020 ## - INTERNATIONAL STANDARD BOOK NUMBER
International Standard Book Number 9780737743487 (hardcover)
020 ## - INTERNATIONAL STANDARD BOOK NUMBER
International Standard Book Number 0737743484
040 ## - CATALOGING SOURCE
Original cataloging agency DLC
Transcribing agency DLC
Modifying agency DLC
050 00 - LIBRARY OF CONGRESS CALL NUMBER
Classification number RC454.4
Item number .M462 2009
082 00 - DEWEY DECIMAL CLASSIFICATION NUMBER
Classification number 616.89
Edition information 22
092 ## - LOCALLY ASSIGNED DEWEY CALL NUMBER (OCLC)
Classification number 616.89 M462 2009
001 - CONTROL NUMBER
control field data
245 00 - TITLE STATEMENT
Title Mental illness /
Statement of responsibility, etc. edited by Lorraine Savage.
260 ## - PUBLICATION, DISTRIBUTION, ETC.
Place of publication, distribution, etc. Detroit :
Name of publisher, distributor, etc. Greenhaven Press,
Date of publication, distribution, etc. c2009.
300 ## - PHYSICAL DESCRIPTION
Extent 112 p. :
Other physical details col. ill. ;
Dimensions 24 cm.
490 0# - SERIES STATEMENT
Series statement Issues that concern you
504 ## - BIBLIOGRAPHY, ETC. NOTE
Bibliography, etc. note Includes bibliographical references (p. 105-107) and index.
650 #0 - SUBJECT ADDED ENTRY--TOPICAL TERM
Topical term or geographic name entry element Mental illness.
650 #0 - SUBJECT ADDED ENTRY--TOPICAL TERM
Topical term or geographic name entry element Psychology, Pathological.
700 1# - ADDED ENTRY--PERSONAL NAME
Personal name Savage, Lorraine.
906 ## - LOCAL DATA ELEMENT F, LDF (RLIN)
a 7
b cbc
c orignew
d 1
e ecip
f 20
g y-gencatlg
925 0# -
-- acquire
-- 2 shelf copies
-- policy default
955 ## - COPY-LEVEL INFORMATION (RLIN)
-- xh11 2008-11-04 to Dewey
-- rc17 2009-07-31 CIP ver. to BCCD (telework)
Holdings
Withdrawn status Lost status Damaged status Not for loan Home library Current library Shelving location Date acquired Total checkouts Full call number Barcode Date last seen Price effective from Koha item type
        Riverside Riverside General stacks 22/03/2026   616.89 22 BC0010658 22/03/2026 22/03/2026 Books